<?xml version="1.0" encoding="UTF-8"?>
<record
    xmlns:xsi="http://www.w3.org/2001/XMLSchema-instance"
    xsi:schemaLocation="http://www.loc.gov/MARC21/slim http://www.loc.gov/standards/marcxml/schema/MARC21slim.xsd"
    xmlns="http://www.loc.gov/MARC21/slim">

  <leader>00438nam a22001817a 4500</leader>
  <controlfield tag="005">20180131163625.0</controlfield>
  <controlfield tag="008">160618b        xxu||||| |||| 00| 0 eng d</controlfield>
  <datafield tag="020" ind1=" " ind2=" ">
    <subfield code="a">81-7656-752-3</subfield>
  </datafield>
  <datafield tag="041" ind1=" " ind2=" ">
    <subfield code="a">eng</subfield>
  </datafield>
  <datafield tag="082" ind1=" " ind2=" ">
    <subfield code="b">8271</subfield>
    <subfield code="a">004</subfield>
  </datafield>
  <datafield tag="100" ind1=" " ind2=" ">
    <subfield code="a">Sinha, pradeep K and Sinha, Priti</subfield>
    <subfield code="9">4030</subfield>
  </datafield>
  <datafield tag="245" ind1=" " ind2=" ">
    <subfield code="a">Computer Fundamentals</subfield>
  </datafield>
  <datafield tag="250" ind1=" " ind2=" ">
    <subfield code="a">4th ed.</subfield>
  </datafield>
  <datafield tag="260" ind1=" " ind2=" ">
    <subfield code="b">BPB</subfield>
    <subfield code="c">2007</subfield>
  </datafield>
  <datafield tag="300" ind1=" " ind2=" ">
    <subfield code="a">417</subfield>
  </datafield>
  <datafield tag="650" ind1=" " ind2=" ">
    <subfield code="a">Information Technology</subfield>
    <subfield code="9">137</subfield>
  </datafield>
  <datafield tag="942" ind1=" " ind2=" ">
    <subfield code="c">BK</subfield>
  </datafield>
  <datafield tag="999" ind1=" " ind2=" ">
    <subfield code="c">3174</subfield>
    <subfield code="d">3173</subfield>
  </datafield>
  <datafield tag="952" ind1=" " ind2=" ">
    <subfield code="0">0</subfield>
    <subfield code="1">0</subfield>
    <subfield code="4">0</subfield>
    <subfield code="7">0</subfield>
    <subfield code="8">CS/IT</subfield>
    <subfield code="a">JRU</subfield>
    <subfield code="b">JRU</subfield>
    <subfield code="c">SHELF-48-A</subfield>
    <subfield code="d">2016-06-18</subfield>
    <subfield code="e">PURCHASE</subfield>
    <subfield code="g">240.00</subfield>
    <subfield code="l">17</subfield>
    <subfield code="m">4</subfield>
    <subfield code="o">004</subfield>
    <subfield code="p">8271</subfield>
    <subfield code="r">2024-01-19 12:47:47</subfield>
    <subfield code="s">2023-09-27</subfield>
    <subfield code="w">2016-06-18</subfield>
    <subfield code="y">BK</subfield>
  </datafield>
  <datafield tag="952" ind1=" " ind2=" ">
    <subfield code="0">0</subfield>
    <subfield code="1">0</subfield>
    <subfield code="4">0</subfield>
    <subfield code="7">0</subfield>
    <subfield code="8">CS/IT</subfield>
    <subfield code="a">JRU</subfield>
    <subfield code="b">JRU</subfield>
    <subfield code="c">SHELF-48-A</subfield>
    <subfield code="d">2016-06-18</subfield>
    <subfield code="e">PURCHASE</subfield>
    <subfield code="g">240.00</subfield>
    <subfield code="l">12</subfield>
    <subfield code="m">2</subfield>
    <subfield code="o">004</subfield>
    <subfield code="p">8272</subfield>
    <subfield code="r">2024-02-07 13:43:28</subfield>
    <subfield code="s">2024-01-12</subfield>
    <subfield code="w">2016-06-18</subfield>
    <subfield code="y">BK</subfield>
  </datafield>
  <datafield tag="952" ind1=" " ind2=" ">
    <subfield code="0">0</subfield>
    <subfield code="1">0</subfield>
    <subfield code="4">0</subfield>
    <subfield code="7">0</subfield>
    <subfield code="8">CS/IT</subfield>
    <subfield code="a">JRU</subfield>
    <subfield code="b">JRU</subfield>
    <subfield code="c">SHELF-48-A</subfield>
    <subfield code="d">2016-06-18</subfield>
    <subfield code="e">PURCHASE</subfield>
    <subfield code="g">240.00</subfield>
    <subfield code="l">19</subfield>
    <subfield code="m">6</subfield>
    <subfield code="o">004</subfield>
    <subfield code="p">8273</subfield>
    <subfield code="r">2025-10-07 12:58:39</subfield>
    <subfield code="s">2025-09-23</subfield>
    <subfield code="w">2016-06-18</subfield>
    <subfield code="y">BK</subfield>
  </datafield>
  <datafield tag="952" ind1=" " ind2=" ">
    <subfield code="0">0</subfield>
    <subfield code="1">0</subfield>
    <subfield code="4">0</subfield>
    <subfield code="7">0</subfield>
    <subfield code="8">CS/IT</subfield>
    <subfield code="a">JRU</subfield>
    <subfield code="b">JRU</subfield>
    <subfield code="c">SHELF-48-A</subfield>
    <subfield code="d">2016-06-18</subfield>
    <subfield code="e">PURCHASE</subfield>
    <subfield code="g">240.00</subfield>
    <subfield code="l">9</subfield>
    <subfield code="m">6</subfield>
    <subfield code="o">004</subfield>
    <subfield code="p">8274</subfield>
    <subfield code="r">2017-12-28 00:00:00</subfield>
    <subfield code="s">2017-12-11</subfield>
    <subfield code="w">2016-06-18</subfield>
    <subfield code="y">BK</subfield>
  </datafield>
</record>
